00641nam a22001817a 4500008004100000020001600041020001800057050002300075100002900098245008900127260004500216300003000261500002000291650005200311650003800363650003200401700002600433161001b xxu||||| |||| 00| 0 eng d a0669071307  a9780669071306 aPE 1441b.F58 1985 aFitzpatrick, Carolyn H.  aThe complete sentence workout book/cCarolyn H. Fitzpatrick and Marybeth B. Ruscica. aLexington, Mass. : bD.C. Heath, c1985. ax, 323p. :bill. ;c28cm. aIncludes index. a English languagex Composition and exercises.  aEnglish language xGrammary1950. aEnglish language xGrammar. aRuscica, Marybeth B.